00701 2200253 4500001002100000005001500021008004100036020002200077035001900099041000700118082001100125090001700136100001900153700002700172700001700199245003300216250000600249260003800255300004600293650002700339990002700366990002700393990002700420INLIS00000000003207120241224133338241224||||||||| | ||| |||| || |  a978-623-216-185-6 0010-1224032071 aid0 a741. 5 a741. 5 KIM k0 aJeon, Jae-Woon0 aSuci Anggunisa Pertiwi0 aPutri Sastra00aKeluarga super irit: Prancis a3 aJakartabBhuna Ilmu Populerc2022 a180 halaman.; ilustrasi berwarna.: 24 cm. 0aKomik Sains -- Prancis a1.3.5.01.01.09.001.002 a1.3.5.01.01.09.001.001 a1.3.5.01.01.09.001.003